000 00949nam a2200205Ii 4500
003 JO-AjNU
008 230605s9999||||xx |||||||||||||| ||und||
040 _aJO-AjNU
_bara
_erda
_cJO-AjNU
041 _aara
050 1 4 _aDR486.B46 2000
100 3 _aابن حموش، مصطفى احمد,
_eauthor
_918224
245 0 0 _aفقه العمران الاسلامي من خلال الأرشيف العثماني الجزائري (956هجري- 1246م/1249 هجري -1830م) من واقع الاوامر السلطانية وعقود المحاكم الشرعية
250 _aط1
264 3 1 _aدبي: دار البحوث للدراسات الاسلامية واحياء التراث، 2000
300 _a315ص
336 _atext
_btxt
_2rdacontent
337 _aunmediated
_bn
_2rdamedia
338 _avolume
_bnc
_2rdacarrier
650 4 _aالامبرطورية العثمانية - تاريخ 1549-1830 ، الجزائر- تاريخ 1516- 1830
_918225
999 _aA5787
_c9355
_d9355